[Event "Canadian zt (Women)"]
[Site "Toronto"]
[Date "2024.03.29"]
[Round "3"]
[White "Li, Yunshan"]
[Black "Li, Yilin"]
[Result "1-0"]
[WhiteElo "2262"]
[BlackElo "1897"]
[PlyCount "81"]
[EventDate "2024.03.28"]
[EventType "team-swiss"]
[EventRounds "9"]
[EventCountry "CAN"]
[SourceTitle "CB15_2024"]
[SourceDate "2024.04.10"]
[SourceVersion "1"]
[SourceVersionDate "2024.04.10"]
[SourceQuality "1"]

1. d4 Nf6 2. c4 e6 3. g3 d5 4. Bg2 dxc4 5. Nf3 c5 6. 0-0 Nc6 7. dxc5 Qxd1 8. Rxd1 Bxc5 9. Nbd2 c3 10. bxc3 h6 11. Nb3 Be7 12. Nfd4 Bd7 13. Nxc6 Bxc6 14. Bxc6+ bxc6 15. Na5 Bc5 16. Nb7 Be7 17. Nd6+ Kf8 18. c4 g5 19. Bb2 Kg7 20. Nb7 Kg6 21. Rab1 Rhe8 22. Na5 Rec8 23. Bxf6 Kxf6 24. Rb7 Bd8 25. Nb3 Rcb8 26. Rdd7 Rxb7 27. Rxb7 Bb6 28. a4 c5 29. a5 Bd8 30. Nxc5 Bxa5 31. Nd7+ Kg7 32. c5 Kg8 33. c6 Rc8 34. Rxa7 Bd8 35. Ra6 Kg7 36. Kg2 Kg6 37. Kf3 h5 38. Ke4 Bc7 39. Kd4 f6 40. Kc5 Kf7 41. Ra7 1-0

[Event "Ivy League Challenge 5th"]
[Site "Toronto"]
[Date "2023.03.25"]
[Round "4"]
[White "Tang, Andrew"]
[Black "Li, Yunshan"]
[Result "1-0"]
[WhiteElo "2522"]
[BlackElo "2294"]
[PlyCount "108"]
[EventDate "2023.03.24"]
[EventType "team-tourn"]
[EventRounds "5"]
[EventCountry "CAN"]
[SourceTitle "CBM 213 Extra"]
[Source "ChessBase"]
[SourceDate "2023.05.31"]
[SourceVersion "1"]
[SourceVersionDate "2023.05.31"]
[SourceQuality "1"]
[WhiteTeam "Princeton University"]
[BlackTeam "Toronto Univ"]
[WhiteTeamCountry "USA"]
[BlackTeamCountry "CAN"]

1. d4 d5 2. Bf4 Nf6 3. e3 Bf5 4. c4 c6 5. Nc3 e6 6. Qb3 Qc8 7. Nf3 Be7 8. Rc1 0-0 9. h3 Nbd7 10. Be2 dxc4 11. Bxc4 Nb6 12. Be2 Nbd5 13. Bh2 Nxc3 14. bxc3 c5 15. 0-0 b6 16. Nd2 Qd7 17. Nc4 Be4 18. Ne5 Qd5 19. Qa4 Bxg2 20. Bc4 Qb7 21. Ba6 Qd5 22. c4 Qe4 23. f3 Bxf3 24. Rxf3 cxd4 25. Qc6 Qh4 26. Bg3 Qxh3 27. exd4 Rad8 28. Bf2 Qh5 29. Re1 Ng4 30. Nxg4 Qxg4+ 31. Rg3 Qf5 32. Qh1 Bf6 33. Bb7 h5 34. Qe4 g5 35. Rf3 Qxe4 36. Rxe4 Kg7 37. c5 bxc5 38. dxc5 g4 39. Rxf6 Rd1+ 40. Re1 Rxe1+ 41. Bxe1 Kxf6 42. c6 e5 43. c7 Ke6 44. c8Q+ Rxc8 45. Bxc8+ Kd5 46. Bf5 e4 47. Bg3 a5 48. Kf2 Kd4 49. a4 Kd3 50. Bc7 h4 51. Bxa5 h3 52. Bc7 Kd4 53. Bxg4 e3+ 54. Ke2 Kd5 1-0

[Event "Pan American Intercollegiate-chT"]
[Site "Seattle"]
[Date "2023.01.07"]
[Round "4"]
[White "Li, Yunshan"]
[Black "Fus, Jakub"]
[Result "0-1"]
[WhiteElo "2269"]
[BlackElo "2404"]
[PlyCount "116"]
[EventDate "2023.01.05"]
[EventType "team-swiss"]
[EventRounds "6"]
[EventCountry "USA"]
[SourceTitle "CBM 212 Extra"]
[Source "ChessBase"]
[SourceDate "2023.03.31"]
[SourceVersion "1"]
[SourceVersionDate "2023.03.31"]
[SourceQuality "1"]
[WhiteTeam "Toronto Univ"]
[BlackTeam "Texas Rio Grande Valley Univ II"]
[WhiteTeamCountry "CAN"]
[BlackTeamCountry "USA"]

1. d4 Nf6 2. c4 e6 3. g3 Bb4+ 4. Bd2 a5 5. Bg2 0-0 6. a3 Bxd2+ 7. Qxd2 d6 8. Nf3 Qe7 9. Nc3 e5 10. 0-0 Bg4 11. dxe5 dxe5 12. Qe3 Nbd7 13. h3 Bxf3 14. exf3 a4 15. f4 c6 16. g4 Rfe8 17. f5 h6 18. Rfe1 Qc5 19. Qxc5 Nxc5 20. Rad1 Nfd7 21. Ne4 Nxe4 22. Bxe4 Nc5 23. Bc2 f6 24. Kg2 Red8 25. h4 Rd4 26. Rxd4 exd4 27. Rd1 Rd8 28. f4 d3 29. Bb1 Rd4 30. Kf3 Kf8 31. g5 hxg5 32. hxg5 Rxc4 33. Bxd3 Rd4 34. Bc2 Rxd1 35. Bxd1 Nd3 36. b4 axb3 37. Bxb3 Nc5 38. Bc2 Nd7 39. Kg4 Nb6 40. Be4 Nd5 41. a4 b6 42. Kf3 Ke7 43. Bc2 Kd6 44. Bb3 Kc5 45. Ke4 Nc3+ 46. Kf3 Nd5 47. Ke4 Ne7 48. Bd1 Kb4 49. Bc2 c5 50. Kf3 Kc3 51. Be4 Kd2 52. Kg4 Ke3 53. Bb1 c4 54. Kh5 Kxf4 55. gxf6 gxf6 56. Kh6 c3 57. Kg7 Ke5 58. Kf7 Nxf5 0-1

[Event "Pan American Intercollegiate-chT"]
[Site "Seattle"]
[Date "2023.01.06"]
[Round "3"]
[White "Stearman, Josiah P"]
[Black "Li, Yunshan"]
[Result "0-1"]
[WhiteElo "2360"]
[BlackElo "2269"]
[PlyCount "78"]
[EventDate "2023.01.05"]
[EventType "team-swiss"]
[EventRounds "6"]
[EventCountry "USA"]
[SourceTitle "CBM 212 Extra"]
[Source "ChessBase"]
[SourceDate "2023.03.31"]
[SourceVersion "1"]
[SourceVersionDate "2023.03.31"]
[SourceQuality "1"]
[WhiteTeam "Missouri Univ II"]
[BlackTeam "Toronto Univ"]
[WhiteTeamCountry "USA"]
[BlackTeamCountry "CAN"]

1. c4 c5 2. Nf3 Nf6 3. Nc3 d5 4. cxd5 Nxd5 5. e4 Nb4 6. Bc4 Nd3+ 7. Ke2 Nxc1+ 8. Rxc1 Nc6 9. Qb3 e6 10. e5 a6 11. a4 Nd4+ 12. Nxd4 Qxd4 13. Rce1 Qxe5+ 14. Kf1 Qd6 15. Nd5 Rb8 16. h4 Be7 17. Nxe7 Kxe7 18. Qc3 Qd4 19. Qxd4 cxd4 20. a5 b5 21. Bd3 Bb7 22. f4 Bd5 23. Kf2 Kd6 24. h5 Rbc8 25. Rc1 Rxc1 26. Rxc1 f6 27. b4 e5 28. g3 e4 29. Be2 Be6 30. g4 g5 31. f5 Rc8 32. Rxc8 Bxc8 33. d3 Bb7 34. h6 Ke5 35. Kg3 exd3 36. Bxd3 Be4 37. Be2 d3 38. Bd1 Bd5 39. Kf2 Kd4 0-1

[Event "Toronto Ontario op"]
[Site "Toronto"]
[Date "2022.05.21"]
[Round "2"]
[White "Li, Yunshan"]
[Black "Talukdar, Rohan Shyam"]
[Result "1/2-1/2"]
[WhiteElo "2262"]
[BlackElo "2323"]
[PlyCount "122"]
[EventDate "2022.05.21"]
[EventType "swiss"]
[EventRounds "6"]
[EventCountry "CAN"]
[SourceTitle "CBM 209 Extra"]
[Source "ChessBase"]
[SourceDate "2022.09.30"]
[SourceVersion "1"]
[SourceVersionDate "2022.09.30"]
[SourceQuality "1"]

1. d4 Nf6 2. c4 g6 3. Nc3 d5 4. Bf4 Bg7 5. e3 0-0 6. cxd5 Nxd5 7. Nxd5 Qxd5 8. Bxc7 Na6 9. Bxa6 Qxg2 10. Qf3 Qxf3 11. Nxf3 bxa6 12. Rc1 Bb7 13. Ke2 f6 14. Rc5 Rf7 15. d5 Re8 16. Rd1 Bf8 17. Ba5 e5 18. d6 Re6 19. d7 Rxd7 20. Rxd7 Bxf3+ 21. Kxf3 e4+ 22. Ke2 Bxc5 23. Bc7 g5 24. a3 Re7 25. Rxe7 Bxe7 26. Bb8 Kf7 27. Bxa7 Bd6 28. h3 Ke6 29. f3 Kd5 30. b4 f5 31. Bd4 Be7 32. fxe4+ fxe4 33. Kf2 Kc4 34. Kg3 h5 35. Kf2 Bd8 36. Ke2 Kb3 37. Bc5 Bf6 38. Bd4 Bd8 39. Bc5 Bc7 40. Kf2 g4 41. hxg4 hxg4 42. Kg2 Be5 43. Kf2 Kc4 44. Be7 Bc7 45. Kg2 Kb3 46. Kf2 Be5 47. Kg2 Bb2 48. a4 Kxa4 49. Kg3 Bc1 50. Kxg4 Bxe3 51. Kf5 Bd2 52. Kxe4 Bxb4 53. Bd8 Ba5 54. Bxa5 Kxa5 55. Kd3 Kb4 56. Kc2 a5 57. Kb2 a4 58. Ka2 a3 59. Ka1 Kb3 60. Kb1 a2+ 61. Ka1 Ka3 1/2-1/2

[Event "Toronto Richmond Hill"]
[Site "Richmond Hill"]
[Date "2022.05.20"]
[Round "9"]
[White "Talukdar, Rohan Shyam"]
[Black "Li, Yunshan"]
[Result "1/2-1/2"]
[WhiteElo "2315"]
[BlackElo "2269"]
[PlyCount "76"]
[EventDate "2022.05.16"]
[EventType "tourn"]
[EventRounds "9"]
[EventCountry "CAN"]
[EventCategory "1"]
[SourceTitle "CBM 209 Extra"]
[Source "ChessBase"]
[SourceDate "2022.09.30"]
[SourceVersion "1"]
[SourceVersionDate "2022.09.30"]
[SourceQuality "1"]

1. e4 e6 2. d4 d5 3. Nd2 Nf6 4. e5 Nfd7 5. Bd3 c5 6. c3 Nc6 7. Ne2 cxd4 8. cxd4 f6 9. exf6 Nxf6 10. Nf3 Bd6 11. 0-0 0-0 12. Bf4 Bxf4 13. Nxf4 Ne4 14. Nh5 Bd7 15. Ng3 Rf4 16. Bxe4 dxe4 17. Qd2 Rg4 18. Ne1 Qg5 19. Qxg5 Rxg5 20. Nc2 Rb5 21. b3 e5 22. Na3 Rd5 23. dxe5 Rxe5 24. Nc4 Re7 25. Rfe1 Nb4 26. Rxe4 Rxe4 27. Nxe4 Bc6 28. Nc3 a5 29. Rd1 b5 30. Nd6 a4 31. a3 Nc2 32. bxa4 bxa4 33. Nc4 Rc8 34. Rd2 Be8 35. Rxc2 Rxc4 36. Kf1 Rc7 37. Re2 Bd7 38. Re3 Rb7 1/2-1/2

[Event "Titled Tuesday intern op 14th Dec"]
[Site "Chess.com INT"]
[Date "2021.12.14"]
[Round "1"]
[White "Li, Yunshan"]
[Black "Al Tarbosh, Ward"]
[Result "0-1"]
[WhiteElo "2262"]
[BlackElo "2222"]
[PlyCount "102"]
[EventDate "2021.12.14"]
[EventType "swiss (blitz)"]
[EventRounds "11"]
[EventCountry "USA"]
[SourceTitle "EXT 2023"]
[Source "ChessBase"]
[SourceDate "2022.10.05"]
[SourceVersion "1"]
[SourceVersionDate "2022.10.05"]
[SourceQuality "1"]

1. d4 d5 2. c4 c6 3. cxd5 cxd5 4. Bf4 Nf6 5. e3 Nc6 6. Nc3 Bf5 7. Qb3 Na5 8. Qa4+ Bd7 9. Qc2 e6 10. Bd3 Nc6 11. Qe2 Be7 12. h3 0-0 13. Nf3 a6 14. 0-0 b5 15. Ne5 Na5 16. Rfc1 Rc8 17. a4 Nb3 18. axb5 Nxc1 19. Rxc1 axb5 20. Nxd7 Qxd7 21. Bxb5 Qa7 22. Ba6 Ra8 23. Bd3 Rfc8 24. Rb1 Qb6 25. g4 Bb4 26. g5 Ne8 27. h4 Bd6 28. Qh5 g6 29. Qg4 Bxf4 30. Qxf4 Qd6 31. Qf3 Ng7 32. Kg2 Rab8 33. h5 Nxh5 34. Rh1 Rxb2 35. Rxh5 gxh5 36. Qxh5 Kf8 37. Nb5 Rxb5 38. Bxb5 Ke7 39. Qxh7 Qd8 40. Qg7 Qh8 41. Qxh8 Rxh8 42. Bd3 Rg8 43. f4 f6 44. Kf3 fxg5 45. fxg5 Rxg5 46. Bc2 Kf6 47. Bd3 Rg1 48. Bb5 Rb1 49. Bd7 Rb3 50. Bc8 Rb6 51. Ke2 Ke7 0-1

[Event "Speed Chess GP2"]
[Site "Chess.com INT"]
[Date "2021.09.25"]
[Round "5"]
[White "Bongo Akanga Ndjila, Barthelemy"]
[Black "Li, Yunshan"]
[Result "1/2-1/2"]
[WhiteElo "1803"]
[BlackElo "2262"]
[PlyCount "58"]
[EventDate "2021.09.25"]
[EventType "swiss (blitz)"]
[EventRounds "10"]
[EventCountry "USA"]
[SourceTitle "CBM 204 Extra"]
[Source "ChessBase"]
[SourceDate "2021.11.30"]
[SourceVersion "1"]
[SourceVersionDate "2021.11.30"]
[SourceQuality "1"]

1. d4 d5 2. c4 dxc4 3. e3 Nf6 4. Nf3 e6 5. Bxc4 c5 6. 0-0 Nc6 7. Qe2 a6 8. Rd1 b5 9. Bb3 c4 10. Bc2 Nb4 11. e4 Nxc2 12. Qxc2 Bb7 13. Bg5 h6 14. Bxf6 Qxf6 15. Nc3 Be7 16. d5 e5 17. a4 b4 18. Ne2 Rc8 19. Ng3 0-0 20. Nf5 Rfd8 21. Rd2 a5 22. Rad1 b3 23. Nxe7+ Qxe7 24. Qc3 f6 25. Qxa5 Ra8 26. Qb5 Ba6 27. Qa5 Bb7 28. Qb5 Ba6 29. Qa5 Bb7 1/2-1/2

[Event "Speed Chess GP2"]
[Site "Chess.com INT"]
[Date "2021.09.25"]
[Round "1"]
[White "Kobalia, Mihail"]
[Black "Li, Yunshan"]
[Result "1-0"]
[WhiteElo "2600"]
[BlackElo "2262"]
[PlyCount "71"]
[EventDate "2021.09.25"]
[EventType "swiss (blitz)"]
[EventRounds "10"]
[EventCountry "USA"]
[SourceTitle "CBM 204 Extra"]
[Source "ChessBase"]
[SourceDate "2021.11.30"]
[SourceVersion "1"]
[SourceVersionDate "2021.11.30"]
[SourceQuality "1"]

1. e4 e6 2. d3 d5 3. Nd2 Nf6 4. Ngf3 c5 5. g3 Nc6 6. Bg2 Be7 7. 0-0 0-0 8. Re1 b5 9. e5 Nd7 10. Nf1 f6 11. exf6 Nxf6 12. Bf4 Bd6 13. Bxd6 Qxd6 14. Qe2 Bd7 15. c3 Rae8 16. d4 Ne4 17. Rad1 b4 18. N1d2 Nxd2 19. Qxd2 bxc3 20. bxc3 cxd4 21. cxd4 Rb8 22. Ne5 Nxe5 23. Rxe5 Rb4 24. Bh3 Qb6 25. Qe3 Rf6 26. Bg4 Rb2 27. Rd2 Rxd2 28. Qxd2 Qb1+ 29. Kg2 Qb6 30. h4 h6 31. Qe3 Kf7 32. a3 Bb5 33. Bh5+ Kg8 34. Bd1 Qc6 35. Bg4 Kf7 36. Be2 1-0

[Event "Speed Chess GP2"]
[Site "Chess.com INT"]
[Date "2021.09.25"]
[Round "3"]
[White "Li, Yunshan"]
[Black "Maksimenko, Viktor"]
[Result "1/2-1/2"]
[WhiteElo "2262"]
[BlackElo "2181"]
[PlyCount "121"]
[EventDate "2021.09.25"]
[EventType "swiss (blitz)"]
[EventRounds "10"]
[EventCountry "USA"]
[SourceTitle "CBM 204 Extra"]
[Source "ChessBase"]
[SourceDate "2021.11.30"]
[SourceVersion "1"]
[SourceVersionDate "2021.11.30"]
[SourceQuality "1"]

1. d4 Nf6 2. Bg5 c5 3. Bxf6 gxf6 4. d5 f5 5. c4 Bg7 6. Nc3 Qb6 7. Qc2 d6 8. Nf3 0-0 9. e3 h6 10. Bd3 Na6 11. a3 e6 12. 0-0 Nc7 13. e4 fxe4 14. Bxe4 f5 15. Bd3 e5 16. Nd2 e4 17. Be2 Bd7 18. Rfe1 Rae8 19. f3 e3 20. Nf1 f4 21. Bd3 Re5 22. b4 cxb4 23. axb4 e2+ 24. c5 exf1Q+ 25. Rxf1 Qxb4 26. cxd6 Qxd6 27. Ne4 Qb6+ 28. Kh1 Nxd5 29. Rfb1 Qc6 30. Qb3 Kh8 31. Rxa7 Bc8 32. Bc4 Ne3 33. Bb5 Qb6 34. Ra4 Be6 35. Qd3 Rd5 36. Qe2 Rfd8 37. h3 Rd1+ 38. Rxd1 Rxd1+ 39. Kh2 Nf1+ 40. Qxf1 Rxf1 41. Bxf1 Bd5 42. Ra8+ Kh7 43. Bd3 Bd4 44. Nf6+ Kg7 45. Nxd5 Qb2 46. Nc7 Qf2 47. Ne6+ Kf6 48. Nxd4 Qxd4 49. Be4 b5 50. Ra6+ Ke7 51. Rxh6 b4 52. Rh7+ Kd6 53. Rb7 Qc3 54. h4 Ke5 55. h5 b3 56. h6 Qe1 57. h7 Qh4+ 58. Kg1 Qe1+ 59. Kh2 Qg3+ 60. Kg1 Qe1+ 61. Kh2 1/2-1/2

[Event "Wch FIDE Online U18 Girls Asia qual"]
[Site "Tornelo INT"]
[Date "2020.12.13"]
[Round "6"]
[White "Li, Yunshan"]
[Black "Zhang, Xiao"]
[Result "1/2-1/2"]
[WhiteElo "2262"]
[BlackElo "2091"]
[PlyCount "110"]
[EventDate "2020.12.11"]
[EventType "swiss (rapid)"]
[EventRounds "7"]
[EventCountry "ISS"]
[SourceTitle "EXT 2022"]
[Source "ChessBase"]
[SourceDate "2021.10.06"]
[SourceVersion "1"]
[SourceVersionDate "2021.10.06"]
[SourceQuality "1"]

1. d4 d5 2. Bg5 Nf6 3. Bxf6 exf6 4. e3 Bf5 5. Nd2 c6 6. g3 Be7 7. Bg2 Na6 8. c3 0-0 9. Ne2 Qd7 10. 0-0 Rfe8 11. c4 dxc4 12. Nxc4 Bh3 13. Bxh3 Qxh3 14. Nf4 Qd7 15. Qf3 Nb4 16. a3 Nd5 17. Nxd5 cxd5 18. Nd2 Rac8 19. Qd1 Rc6 20. Nb1 Rec8 21. Nc3 Rb6 22. Qe2 Bf8 23. Rfc1 Qf5 24. Rc2 Rbc6 25. Rd2 a6 26. Kg2 Rd8 27. Rc1 g6 28. Qd3 Qxd3 29. Rxd3 Rdc8 30. Ra1 Rd8 31. g4 Be7 32. Kf3 Kf8 33. Ke2 Ke8 34. Rdd1 Bf8 35. Rac1 Ke7 36. Kd3 Kd6 37. Na4 Rdc8 38. Nc5 b5 39. Rc3 Ke7 40. Rdc1 a5 41. Nb3 Rxc3+ 42. Rxc3 Rxc3+ 43. Kxc3 a4 44. Nc5 Kd6 45. Nd3 Kc6 46. Nb4+ Kd6 47. Nd3 Kc6 48. h3 g5 49. Ne1 Kd6 50. Nf3 Kc6 51. Nd2 Bd6 52. Nf1 Kb6 53. Nd2 Kc6 54. Nf1 Kb6 55. Nd2 Kc6 1/2-1/2

[Event "Wch FIDE Online U18 Girls Asia qual"]
[Site "Tornelo INT"]
[Date "2020.12.12"]
[Round "5"]
[White "Li, Yunshan"]
[Black "Yan, Tianqi"]
[Result "1/2-1/2"]
[WhiteElo "2262"]
[BlackElo "2207"]
[PlyCount "87"]
[EventDate "2020.12.11"]
[EventType "swiss (rapid)"]
[EventRounds "7"]
[EventCountry "ISS"]
[SourceTitle "EXT 2022"]
[Source "ChessBase"]
[SourceDate "2021.10.06"]
[SourceVersion "1"]
[SourceVersionDate "2021.10.06"]
[SourceQuality "1"]

1. d4 Nf6 2. c4 e6 3. g3 d5 4. Bg2 dxc4 5. Nf3 a6 6. 0-0 Nc6 7. e3 Rb8 8. Nfd2 e5 9. Bxc6+ bxc6 10. dxe5 Ng4 11. Nxc4 Be6 12. Qxd8+ Rxd8 13. Nbd2 Bb4 14. b3 Bc3 15. Rb1 Bxd2 16. Nxd2 Nxe5 17. Bb2 Rxd2 18. Bxe5 f6 19. Rb2 Rxb2 20. Bxb2 Kf7 21. f3 Rd8 22. Bd4 c5 23. Bxc5 Bh3 24. Rc1 Rd2 25. a4 Rg2+ 26. Kh1 Rb2 27. Bd4 Rxb3 28. Rxc7+ Kg6 29. Kg1 Ra3 30. Kf2 Ra2+ 31. Ke1 Rxa4 32. Bc5 Rc4 33. Bd6 Rxc7 34. Bxc7 Bc8 35. e4 Kf7 36. Kd2 Ke6 37. f4 Bb7 38. Kd3 f5 39. exf5+ Kxf5 40. h3 h5 41. g4+ hxg4 42. hxg4+ Kxg4 43. Kc4 Bf3 44. Kb4 1/2-1/2

[Event "Wch FIDE Online U18 Girls Asia qual"]
[Site "Tornelo INT"]
[Date "2020.12.11"]
[Round "1"]
[White "Li, Yunshan"]
[Black "Tharushi, THD Niklesha"]
[Result "1-0"]
[WhiteElo "2262"]
[BlackElo "1712"]
[PlyCount "97"]
[EventDate "2020.12.11"]
[EventType "swiss (rapid)"]
[EventRounds "7"]
[EventCountry "ISS"]
[SourceTitle "EXT 2022"]
[Source "ChessBase"]
[SourceDate "2021.10.06"]
[SourceVersion "1"]
[SourceVersionDate "2021.10.06"]
[SourceQuality "1"]

1. d4 Nf6 2. c4 e6 3. g3 Bb4+ 4. Bd2 Qe7 5. Bg2 0-0 6. Nf3 Nc6 7. 0-0 Bxd2 8. Qxd2 d6 9. Nc3 e5 10. e4 Bg4 11. d5 Bxf3 12. Bxf3 Nd4 13. Bg2 Nh5 14. Ne2 Nxe2+ 15. Qxe2 g6 16. b4 Ng7 17. f4 exf4 18. gxf4 Rae8 19. Rae1 Qh4 20. Qf2 Qxf2+ 21. Rxf2 Nh5 22. Bh3 Re7 23. Bg4 Nf6 24. Bf3 Rfe8 25. Rfe2 Nh5 26. Bxh5 gxh5 27. e5 dxe5 28. Rxe5 Rxe5 29. Rxe5 Kf8 30. Rxe8+ Kxe8 31. Kf2 Ke7 32. Ke3 b6 33. c5 f5 34. Kd4 Kf6 35. c6 Ke7 36. Ke5 a5 37. bxa5 bxa5 38. Kxf5 Kd6 39. Ke4 Kc5 40. f5 a4 41. Ke5 Kb4 42. f6 Ka3 43. f7 Kxa2 44. f8Q a3 45. Qb4 h4 46. Kd4 h5 47. Kc3 h3 48. Kc2 h4 49. Qb1# 1-0

[Event "Tianjin Binhai Cup 2nd"]
[Site "Tianjin"]
[Date "2020.01.17"]
[Round "8"]
[White "Ning, Kaiyu"]
[Black "Li, Yunshan"]
[Result "1/2-1/2"]
[WhiteElo "2379"]
[BlackElo "2274"]
[PlyCount "112"]
[EventDate "2020.01.13"]
[EventType "swiss"]
[EventRounds "9"]
[EventCountry "CHN"]
[SourceTitle "CBM 194 Extra"]
[Source "ChessBase"]
[SourceDate "2020.03.31"]
[SourceVersion "1"]
[SourceVersionDate "2020.03.31"]
[SourceQuality "1"]

1. Nf3 Nf6 2. d4 d5 3. Bf4 e6 4. e3 c5 5. c3 Nc6 6. Nbd2 cxd4 7. exd4 Nh5 8. Be3 Bd6 9. Ne5 g6 10. Bb5 Bd7 11. Nxd7 Qxd7 12. Nb3 0-0 13. 0-0 Qc7 14. g3 f5 15. f4 Nf6 16. Nc5 Qe7 17. Re1 a6 18. Bf1 Ne4 19. Nxe4 fxe4 20. c4 Qf7 21. c5 Be7 22. Qd2 Bf6 23. b4 b6 24. Rac1 Qb7 25. b5 axb5 26. Bxb5 Rfc8 27. a4 Na5 28. Qb4 bxc5 29. Rxc5 Nc4 30. Rxc4 dxc4 31. Qc3 Qc7 32. Rb1 Qa5 33. Qc2 c3 34. Qxe4 c2 35. Rc1 Qc3 36. Bd7 Kg7 37. Bxc8 Rxc8 38. Kg2 Rc4 39. Kh3 Bxd4 40. Bxd4+ Qxd4 41. Qxd4+ Rxd4 42. Rxc2 Rxa4 43. Rc7+ Kf6 44. Rxh7 e5 45. fxe5+ Kxe5 46. Rf7 g5 47. Rf2 Ke6 48. Kg2 g4 49. h3 gxh3+ 50. Kxh3 Ra8 51. g4 Rg8 52. Rf5 Ke7 53. Kg3 Rf8 54. Ra5 Kf7 55. Kf4 Kg7+ 56. Kg5 Rf7 1/2-1/2

[Event "Tianjin Binhai Cup 2nd"]
[Site "Tianjin"]
[Date "2020.01.13"]
[Round "2"]
[White "Li, Yunshan"]
[Black "Sethuraman, SP."]
[Result "0-1"]
[WhiteElo "2274"]
[BlackElo "2638"]
[PlyCount "60"]
[EventDate "2020.01.13"]
[EventType "swiss"]
[EventRounds "9"]
[EventCountry "CHN"]
[SourceTitle "CBM 194 Extra"]
[Source "ChessBase"]
[SourceDate "2020.03.31"]
[SourceVersion "1"]
[SourceVersionDate "2020.03.31"]
[SourceQuality "1"]

1. d4 d6 2. Nf3 g6 3. c4 f5 4. Nc3 Nf6 5. g3 Bg7 6. Bg2 0-0 7. 0-0 c6 8. Rb1 a5 9. a3 Na6 10. b4 Nc7 11. Bb2 Be6 12. Qd3 f4 13. Rbd1 axb4 14. axb4 Na6 15. Ba3 fxg3 16. fxg3 Nc5 17. dxc5 Rxa3 18. Nd4 Bf7 19. cxd6 exd6 20. Ra1 Rxa1 21. Rxa1 Ng4 22. e3 Qb6 23. Nc2 Ne5 24. Qe2 Nxc4 25. Qd3 Ne5 26. Qd2 Bb3 27. Nd4 Nc4 28. Qd3 Nxe3 29. Nce2 Bc4 30. Qxe3 Bxe2 0-1

[Event "CHN-ch blitz (Women)"]
[Site "Shenyang"]
[Date "2019.12.18"]
[Round "5"]
[White "Hu, Yu A"]
[Black "Li, Yunshan"]
[Result "1-0"]
[WhiteElo "2006"]
[BlackElo "1962"]
[PlyCount "53"]
[EventDate "2019.12.18"]
[EventType "swiss (blitz)"]
[EventRounds "9"]
[EventCountry "CHN"]
[SourceTitle "CBM 193 Extra"]
[Source "ChessBase"]
[SourceDate "2020.01.31"]
[SourceVersion "1"]
[SourceVersionDate "2020.01.31"]
[SourceQuality "1"]

1. e4 e5 2. Nf3 Nc6 3. Bb5 Nf6 4. d3 Bc5 5. c3 0-0 6. 0-0 d6 7. Nbd2 Ne7 8. d4 exd4 9. cxd4 Bb6 10. h3 Ng6 11. Re1 d5 12. e5 Nd7 13. Nf1 Nb8 14. Bg5 Ne7 15. Rc1 h6 16. Bh4 a6 17. Bd3 Nbc6 18. Bb1 Qe8 19. Ne3 Be6 20. Qd3 g6 21. Bf6 Kh7 22. Ng4 Bxg4 23. hxg4 Ng8 24. Ng5+ hxg5 25. Qh3+ Nh6 26. Re3 Rh8 27. Qxh6+ 1-0

[Event "CHN-ch rapid (Women)"]
[Site "Tianjin"]
[Date "2019.12.18"]
[Round "8"]
[White "Li, Yunshan"]
[Black "Zhao, Shengxin"]
[Result "1/2-1/2"]
[WhiteElo "1968"]
[BlackElo "2181"]
[PlyCount "70"]
[EventDate "2019.12.17"]
[EventType "swiss (rapid)"]
[EventRounds "9"]
[EventCountry "CHN"]
[SourceTitle "CBM 193 Extra"]
[Source "ChessBase"]
[SourceDate "2020.01.31"]
[SourceVersion "1"]
[SourceVersionDate "2020.01.31"]
[SourceQuality "1"]

1. d4 Nf6 2. c4 e6 3. Nc3 Bb4 4. Qb3 c5 5. dxc5 Na6 6. a3 Bxc3+ 7. Qxc3 Nxc5 8. b4 Nce4 9. Qd4 d5 10. f3 Nd6 11. cxd5 Nf5 12. Qe5 Qxd5 13. Qxd5 exd5 14. e3 0-0 15. Bd3 Nd6 16. Bb2 Bf5 17. Ke2 Bxd3+ 18. Kxd3 Nc4 19. Bd4 Nd7 20. f4 a5 21. Nf3 a4 22. Nd2 b5 23. Nb1 Nf6 24. Nc3 Ne4 25. Nxe4 dxe4+ 26. Kxe4 Nd2+ 27. Kd3 Nb3 28. Ra2 Rac8 29. Rc2 Rxc2 30. Kxc2 Rc8+ 31. Kd3 f5 32. Rg1 Nc1+ 33. Kd2 Nb3+ 34. Kd3 Nc1+ 35. Kd2 Nb3+ 1/2-1/2

[Event "CHN-ch rapid (Women)"]
[Site "Tianjin"]
[Date "2019.12.18"]
[Round "9"]
[White "Song, Yuxin"]
[Black "Li, Yunshan"]
[Result "1/2-1/2"]
[WhiteElo "1912"]
[BlackElo "1968"]
[PlyCount "63"]
[EventDate "2019.12.17"]
[EventType "swiss (rapid)"]
[EventRounds "9"]
[EventCountry "CHN"]
[SourceTitle "CBM 193 Extra"]
[Source "ChessBase"]
[SourceDate "2020.01.31"]
[SourceVersion "1"]
[SourceVersionDate "2020.01.31"]
[SourceQuality "1"]

1. e4 e5 2. Nf3 Nc6 3. Bb5 Nf6 4. 0-0 Nxe4 5. Re1 Nd6 6. Nxe5 Nxe5 7. Rxe5+ Be7 8. Bf1 0-0 9. d4 Bf6 10. Re1 Nf5 11. c3 d5 12. Bf4 c6 13. Nd2 Nh4 14. Bd3 Bf5 15. Bxf5 Nxf5 16. Nf3 Nh4 17. Nxh4 Bxh4 18. Qd2 Bf6 19. Re2 Qd7 20. Rae1 Rfe8 21. Be5 Bxe5 22. Rxe5 f6 23. Rxe8+ Rxe8 24. f3 Kf7 25. Kf2 Rxe1 26. Qxe1 Qe6 27. Qxe6+ Kxe6 28. Ke3 Kf5 29. Kf2 Ke6 30. Ke3 Kf5 31. Kf2 Ke6 32. Ke3 1/2-1/2

[Event "CHN-ch blitz (Women)"]
[Site "Shenyang"]
[Date "2019.12.18"]
[Round "6"]
[White "Zhang, Xiao"]
[Black "Li, Yunshan"]
[Result "0-1"]
[WhiteElo "2047"]
[BlackElo "1962"]
[PlyCount "63"]
[EventDate "2019.12.18"]
[EventType "swiss (blitz)"]
[EventRounds "9"]
[EventCountry "CHN"]
[SourceTitle "CBM 193 Extra"]
[Source "ChessBase"]
[SourceDate "2020.01.31"]
[SourceVersion "1"]
[SourceVersionDate "2020.01.31"]
[SourceQuality "1"]

1. d4 d5 2. c4 Bf5 3. Nc3 e6 4. Nf3 Nc6 5. e3 Nb4 6. e4 dxe4 7. Ng5 e3 8. Nge4 exf2+ 9. Kxf2 Nf6 10. Bg5 Nxe4+ 11. Nxe4 f6 12. Ng3 fxg5 13. Nxf5 Qf6 14. g4 exf5 15. Bg2 fxg4+ 16. Kg1 0-0-0 17. Qxg4+ Kb8 18. Rd1 Bd6 19. a3 Nc6 20. c5 Bf4 21. Qf3 Rxd4 22. Re1 Rhd8 23. h3 Rd3 24. Qe4 Qxb2 25. Bf3 Qd4+ 26. Qxd4 R3xd4 27. Bxc6 bxc6 28. Kg2 Rd2+ 29. Kf3 R8d3+ 30. Kg4 Rg2+ 31. Kf5 Rd5+ 32. Ke6 0-1